Изменение структуры экосистем озер в условиях возрастающей биогенной нагрузки

Bibliografische gegevens
Coauteur: Академия наук СССР (АН СССР) Институт озероведения (ИНОЗ)
Andere auteurs: Драбкова В. Г. (редактор), Прыткова М. Я.
Samenvatting:Авт. указаны в огл.
Taal:Russisch
Gepubliceerd in: Ленинград, Наука, 1988
Onderwerpen:
Formaat: Boek
KOHA link:https://koha.lib.tpu.ru/cgi-bin/koha/opac-detail.pl?biblionumber=373437

MARC

LEADER 00000nam0a2200000 4500
001 373437
005 20231102012551.0
010 |a 5020266213 
020 |a RU  |b 89-9814 
035 |a (RuTPU)RU\TPU\retro\30866 
035 |a RU\TPU\book\270760 
090 |a 373437 
100 |a 20221216d1988 k y0rusy5003 ca 
101 0 |a rus 
102 |a RU 
105 |a a z 001zy 
200 1 |a Изменение структуры экосистем озер в условиях возрастающей биогенной нагрузки  |f Академия наук СССР (АН СССР), Институт озероведения (ИНОЗ) ; под ред. В. Г. Драбковой ; М. Я. Прытковой 
210 |a Ленинград  |c Наука  |d 1988 
215 |a 312 с.  |c ил. 
300 |a Авт. указаны в огл. 
320 |a Библиогр.: с. 299-310. 
606 1 |a Озера  |2 stltpush  |3 (RuTPU)RU\TPU\subj\46830  |9 65911 
610 1 |a экологические системы 
610 1 |a структура 
610 1 |a биогенная нагрузка 
610 1 |a биологические сообщества 
675 |a 556.555  |z rus  |v 3 
702 1 |a Драбкова  |b В. Г.  |4 340 
702 1 |a Прыткова  |b М. Я.  |4 340 
712 0 2 |a Академия наук СССР (АН СССР)  |b Институт озероведения (ИНОЗ)  |c (Ленинград)  |2 stltpush  |3 (RuTPU)RU\TPU\col\11552 
801 0 |a RU  |b RuMRKP  |c 19960705  |g psbo 
801 1 |a RU  |b 63413507  |c 20140128 
801 2 |a RU  |b 63413507  |c 20221216  |g RCR 
942 |c BK